<?xml version="1.0" encoding="UTF-8"?>
<record
    xmlns:xsi="http://www.w3.org/2001/XMLSchema-instance"
    xsi:schemaLocation="http://www.loc.gov/MARC21/slim http://www.loc.gov/standards/marcxml/schema/MARC21slim.xsd"
    xmlns="http://www.loc.gov/MARC21/slim">

  <leader>00699nam a2200193 a 4500</leader>
  <controlfield tag="001">000020791</controlfield>
  <controlfield tag="005">20200930011148.0</controlfield>
  <controlfield tag="008">100817s1975    ho a    r     000 0 spa d</controlfield>
  <datafield tag="040" ind1=" " ind2=" ">
    <subfield code="a">DO-SdBNP</subfield>
    <subfield code="b">spa</subfield>
    <subfield code="c">BPJMB</subfield>
  </datafield>
  <datafield tag="082" ind1=" " ind2=" ">
    <subfield code="a">510.0712</subfield>
    <subfield code="b">M425d</subfield>
  </datafield>
  <datafield tag="245" ind1="0" ind2="0">
    <subfield code="a">Matem&#xE1;tica 2 :</subfield>
    <subfield code="b">gu&#xED;a para el maestro /</subfield>
    <subfield code="c">Eustogio Zevallos Mojica ...[et al] ; edici&#xF3;n &#xD3;scar Vel&#xE1;squez.</subfield>
  </datafield>
  <datafield tag="250" ind1=" " ind2=" ">
    <subfield code="a">2a ed.</subfield>
  </datafield>
  <datafield tag="260" ind1=" " ind2=" ">
    <subfield code="a">Rep&#xFA;blica de Honduras :</subfield>
    <subfield code="b">Ministerio de Educaci&#xF3;n P&#xFA;blica,</subfield>
    <subfield code="c">1975.</subfield>
  </datafield>
  <datafield tag="300" ind1=" " ind2=" ">
    <subfield code="a">173 p. :</subfield>
    <subfield code="b">il. ;</subfield>
    <subfield code="c">26 cm.</subfield>
  </datafield>
  <datafield tag="650" ind1=" " ind2="4">
    <subfield code="a">Matem&#xE1;tica</subfield>
    <subfield code="x">Ense&#xF1;anza</subfield>
    <subfield code="9">30652</subfield>
  </datafield>
  <datafield tag="650" ind1=" " ind2="4">
    <subfield code="a">Matem&#xE1;ticas</subfield>
    <subfield code="x">Ense&#xF1;anza media</subfield>
    <subfield code="9">43570</subfield>
  </datafield>
  <datafield tag="700" ind1="1" ind2=" ">
    <subfield code="a">Vel&#xE1;squez, &#xD3;scar,</subfield>
    <subfield code="e">ed.</subfield>
    <subfield code="9">43571</subfield>
  </datafield>
  <datafield tag="700" ind1="1" ind2=" ">
    <subfield code="a">Zevallos Mojica, Eustorgio.</subfield>
    <subfield code="9">43572</subfield>
  </datafield>
  <datafield tag="999" ind1=" " ind2=" ">
    <subfield code="c">20295</subfield>
    <subfield code="d">20295</subfield>
  </datafield>
</record>
